000
00229nam a2200097Ia 4500
008
200302s9999 xx 000 0 und d
100
_a
Roef Hopman
245
_a
Australian Design Trends
260
_b
David Johnson
300
_a
181 P.,
999
_c
1695
_d
1695